[Event "12sen.WM-H Naumburg"]
[Site "Naumburg/Saale(20.10.-03.11.)"]
[Date "2002.10.29"]
[Round "7"]
[White "Bodinger, Karl"]
[Black "Luecke, Volkmar"]
[Result "0-1"]
[WhiteElo "1577"]
[BlackElo "1890"]
[PlyCount "148"]
[EventDate "2002.11.??"]

1. e4 e6 2. d4 d5 3. e5 c5 4. c3 Nc6 5. a3 a5 6. Nf3 Qb6 7. Bd3 Bd7 8. Bc2 a4
9. O-O Na5 10. Bxa4 Ne7 11. Bxd7+ Kxd7 12. dxc5 Qb3 13. Nd4 Qxd1 14. Rxd1 Ng6
15. b4 Nc4 16. f4 f6 17. exf6 gxf6 18. Nf3 f5 19. Kf2 Bg7 20. Nd4 h5 21. Nd2
Nxd2 22. Bxd2 Ra4 23. Ne2 Bh6 24. Ra2 Kc6 25. Nd4+ Kd7 26. g3 h4 27. Rh1 Bg7
28. Raa1 Bxd4+ 29. cxd4 Rha8 30. gxh4 Nxh4 31. Kg3 Ng6 32. Bc3 Rxa3 33. Rxa3
Rxa3 34. Rc1 Ke7 35. h4 Kf6 36. h5 Nf8 37. Kh4 Ra2 38. Rh1 Rf2 39. Kg3 Rc2 40.
Ba1 Kg7 41. b5 Kh6 42. Rh2 Rc4 43. b6 Rc1 44. Bb2 Rc4 45. Kh4 Rb4 46. Rc2 Nd7
47. Rg2 Kh7 48. Kg5 Rb3 49. Kh4 Rf3 50. Bc1 Rf1 51. Be3 Rh1+ 52. Kg3 Rxh5 53.
Rh2 Rxh2 54. Kxh2 Nb8 55. Kg3 Kg6 56. Kf3 Kh5 57. Bf2 Nc6 58. Kg3 Nd8 59. Kh3
Nc6 60. Kg3 Nb4 61. Kf3 Nc6 62. Ke3 Kg4 63. Be1 Kh3 64. Bd2 Kg2 65. Be1 Kg1 66.
Bh4 Kf1 67. Bf6 Ke1 68. Kd3 Kf2 69. Kc3 Ke3 70. Kb3 Kxf4 71. Be5+ Ke3 72. Ka4
f4 73. Kb3 f3 74. Kc2 f2 0-1

[Event "12sen.WM-H Naumburg"]
[Site "Naumburg/Saale(20.10.-03.11.)"]
[Date "2002.10.29"]
[Round "7"]
[White "Boehnisch, Manfred"]
[Black "Klovans, Janis"]
[Result "1/2-1/2"]
[WhiteElo "2365"]
[BlackElo "2417"]
[PlyCount "55"]
[EventDate "2002.11.??"]

1. e4 c5 2. Nf3 Nc6 3. Bb5 g6 4. O-O Bg7 5. c3 Nf6 6. e5 Nd5 7. d4 cxd4 8. cxd4
O-O 9. Nc3 Nxc3 10. bxc3 d6 11. exd6 Qxd6 12. a4 a6 13. Ba3 Qc7 14. Bxc6 Qxc6
15. Bxe7 Re8 16. d5 Qxc3 17. Rc1 Qa5 18. Rc5 Qb6 19. a5 Qb4 20. Rxc8 Qxe7 21.
d6 Qf6 22. Rc7 Red8 23. d7 b6 24. Qd5 Rab8 25. Rb1 Bf8 26. Rc6 Qe7 27. Rcxb6
Rxd7 28. Qc4 1/2-1/2

[Event "12sen.WM-H Naumburg"]
[Site "Naumburg/Saale(20.10.-03.11.)"]
[Date "2002.10.29"]
[Round "7"]
[White "Bogorad, Michail"]
[Black "Mann, Klaus_Dieter"]
[Result "1/2-1/2"]
[WhiteElo "2197"]
[BlackElo "1979"]
[PlyCount "76"]
[EventDate "2002.11.??"]

1. e4 c5 2. Nf3 a6 3. g3 Nc6 4. Bg2 d6 5. h3 Nf6 6. Qe2 Qc7 7. O-O e6 8. c3 e5
9. Rd1 Be7 10. Na3 O-O 11. d4 b5 12. d5 Nd8 13. c4 b4 14. Nc2 a5 15. a4 h6 16.
Nh2 Nh7 17. Ne3 g6 18. f4 h5 19. f5 Bg5 20. h4 Bh6 21. Rf1 Kh8 22. b3 Qe7 23.
Bd2 Bd7 24. Rf2 Rg8 25. fxg6 fxg6 26. Raf1 Bg7 27. Nc2 Ra7 28. Ne1 Bc8 29. Nef3
Nf7 30. Qd1 Rf8 31. Qc1 Kg8 32. Kh1 Qe8 33. Be3 Nd8 34. Ng5 Nxg5 35. Bxg5 Rxf2
36. Rxf2 Rf7 37. Qf1 Rxf2 38. Qxf2 Nf7 1/2-1/2

[Event "12sen.WM-H Naumburg"]
[Site "Naumburg/Saale(20.10.-03.11.)"]
[Date "2002.10.29"]
[Round "7"]
[White "Brameyer, Hermann"]
[Black "Hobusch, Werner"]
[Result "1-0"]
[WhiteElo "2294"]
[BlackElo "2160"]
[PlyCount "73"]
[EventDate "2002.11.??"]

1. d4 Nf6 2. Nf3 e6 3. c4 b6 4. e3 Bb7 5. Bd3 Ne4 6. O-O Be7 7. b3 O-O 8. Bb2
f5 9. Nfd2 Qe8 10. f3 Nxd2 11. Nxd2 d5 12. Qc2 c6 13. e4 g6 14. Rae1 Qd7 15.
exf5 exf5 16. f4 Bd6 17. Nf3 Na6 18. Qd2 Bb4 19. Bc3 Bxc3 20. Qxc3 Rae8 21. Re5
Nc7 22. Rfe1 Rxe5 23. Nxe5 Qd6 24. c5 bxc5 25. dxc5 Qd8 26. g3 Ne8 27. b4 a6
28. a4 Qc8 29. Ra1 Nf6 30. b5 Ne4 31. Bxe4 fxe4 32. Rb1 axb5 33. axb5 Qe6 34.
bxc6 Bxc6 35. Rb6 Rc8 36. Qd4 Qe8 37. Nxc6 1-0

[Event "12sen.WM-H Naumburg"]
[Site "Naumburg/Saale(20.10.-03.11.)"]
[Date "2002.10.29"]
[Round "7"]
[White "Dahlhaus, Friedhelm"]
[Black "Jahr, Dieter"]
[Result "0-1"]
[WhiteElo "2233"]
[BlackElo "2045"]
[PlyCount "54"]
[EventDate "2002.11.??"]

1. e4 c5 2. Nf3 d6 3. d4 cxd4 4. Nxd4 Nf6 5. Nc3 g6 6. Be3 Bg7 7. f3 a6 8. Qd2
b5 9. a4 b4 10. Nce2 a5 11. c3 bxc3 12. Nxc3 O-O 13. Bb5 Bb7 14. O-O Na6 15.
Rfd1 Rc8 16. Nb3 Nb4 17. Qf2 Nd7 18. Nxa5 Ba8 19. Nc4 Bc6 20. Nb6 Nxb6 21. Bxb6
Qd7 22. Ba5 Bxb5 23. axb5 Rc4 24. Ra4 Bxc3 25. bxc3 Nd3 26. Rxd3 Rxa4 27. Bb4
Ra1+ 0-1

[Event "12sen.WM-H Naumburg"]
[Site "Naumburg/Saale(20.10.-03.11.)"]
[Date "2002.10.29"]
[Round "7"]
[White "Davydov, Michael"]
[Black "Bachmann, Karlheinz"]
[Result "1/2-1/2"]
[WhiteElo "2038"]
[BlackElo "2108"]
[PlyCount "30"]
[EventDate "2002.11.??"]

1. e4 c5 2. Nf3 e6 3. d4 cxd4 4. Nxd4 Nf6 5. Nc3 d6 6. Be2 Be7 7. O-O Nc6 8.
Kh1 a6 9. f4 Qc7 10. f5 Bd7 11. fxe6 fxe6 12. Bc4 Nxd4 13. Qxd4 O-O 14. Bg5
Rac8 15. Bb3 Qc5 1/2-1/2

[Event "12sen.WM-H Naumburg"]
[Site "Naumburg/Saale(20.10.-03.11.)"]
[Date "2002.10.29"]
[Round "7"]
[White "Didu, Kaplan"]
[Black "Rost_van_Tonningen, Otto"]
[Result "1-0"]
[WhiteElo "2076"]
[BlackElo "2230"]
[PlyCount "55"]
[EventDate "2002.11.??"]

1. e4 d6 2. d4 Nf6 3. Nc3 Nbd7 4. f4 e5 5. Nf3 exd4 6. Nxd4 Nc5 7. Bd3 Bg4 8.
Nf3 h5 9. Be3 Nxd3+ 10. cxd3 c6 11. Qb3 Qd7 12. Ng5 Be6 13. Qc2 g6 14. O-O Bg7
15. h3 O-O 16. Qf2 Qd8 17. Qg3 Bc8 18. f5 d5 19. Bc5 Re8 20. fxg6 fxg6 21. e5
Nh7 22. Nf7 Qa5 23. d4 Bf5 24. Nd6 Rf8 25. Nxb7 Qa6 26. Bxf8 Nxf8 27. Nd6 Qd3
28. Nxf5 1-0

[Event "12sen.WM-H Naumburg"]
[Site "Naumburg/Saale(20.10.-03.11.)"]
[Date "2002.10.29"]
[Round "7"]
[White "Dietze, Otto"]
[Black "Weigel, Helmut"]
[Result "0-1"]
[WhiteElo "2126"]
[BlackElo "1581"]
[PlyCount "108"]
[EventDate "2002.11.??"]

1. e4 Nf6 2. e5 Nd5 3. d4 d6 4. c4 Nb6 5. f4 dxe5 6. fxe5 Nc6 7. Be3 Bf5 8. a3
e6 9. Nc3 a6 10. d5 Nxe5 11. Qd4 Ng6 12. Nf3 exd5 13. O-O-O Qf6 14. Qxf6 gxf6
15. Re1 O-O-O 16. cxd5 Nxd5 17. Nxd5 Rxd5 18. Bc4 Rd7 19. Nd4 Be4 20. Rhf1 Ne5
21. Be2 Rd6 22. Rd1 h5 23. b4 Bh6 24. Bxh6 Rxh6 25. Rf4 Bg6 26. Rh4 Rh7 27. h3
c6 28. Rh1 Rh8 29. Nf3 Nxf3 30. Bxf3 Rd3 31. Rf1 Rxa3 32. Kb2 Re3 33. g4 Rd8
34. gxh5 Rd2+ 35. Kc1 Rc2+ 36. Kd1 Bh7 37. Bg4+ Kc7 38. Bf5 Bxf5 39. Rxf5 Rh2
40. Rxf6 Rexh3 41. Rxf7+ Kb6 42. Rxh3 Rxh3 43. Rf5 Rh4 44. Kc2 Rxb4 45. h6 Rh4
46. Rf6 Kb5 47. Kd3 a5 48. Rf5+ c5 49. Rf6 b6 50. Ke3 a4 51. Kf3 a3 52. Kg3 Rh5
53. Kg4 Rh1 54. Rf3 a2 0-1

[Event "12sen.WM-H Naumburg"]
[Site "Naumburg/Saale(20.10.-03.11.)"]
[Date "2002.10.29"]
[Round "7"]
[White "Dombrowski, Heinz_Guenter"]
[Black "Kuehn, Peter"]
[Result "1-0"]
[WhiteElo "1727"]
[BlackElo "2008"]
[PlyCount "97"]
[EventDate "2002.11.??"]

1. e4 c5 2. c3 d5 3. e5 Nc6 4. f4 d4 5. d3 f6 6. Nf3 Qc7 7. cxd4 cxd4 8. Qa4
Bd7 9. Qc4 b5 10. Qb3 Nxe5 11. Nbd2 Nxf3+ 12. Nxf3 Qb6 13. Be2 e6 14. O-O Bc5
15. Nh4 Ne7 16. Bh5+ g6 17. Bf3 Rc8 18. Bd2 a5 19. a3 a4 20. Qa2 O-O 21. g4 Kh8
22. Rae1 Nd5 23. Bxd5 exd5 24. h3 Qb7 25. b4 axb3 26. Qxb3 Rfe8 27. Bb4 Bxb4
28. axb4 Re3 29. Kh2 Rce8 30. Ng2 Rxe1 31. Rxe1 Rxe1 32. Nxe1 Qc7 33. Ng2 Bc6
34. Qc2 Qd6 35. Qd2 Kg7 36. Kg3 g5 37. Kf3 Qe7 38. Qc1 Bb7 39. Qb2 Qc7 40. Qxd4
Qc1 41. fxg5 Qxg5 42. Qb6 f5 43. Qxb7+ Kh6 44. Qc6+ Kg7 45. Qd7+ Kh8 46. Qxf5
Qxf5+ 47. gxf5 Kg7 48. Kf4 Kf6 49. Ne3 1-0

[Event "12sen.WM-H Naumburg"]
[Site "Naumburg/Saale(20.10.-03.11.)"]
[Date "2002.10.29"]
[Round "7"]
[White "Dornieden, Manfred_Dr"]
[Black "Nietsch, Horst"]
[Result "1-0"]
[WhiteElo "2299"]
[BlackElo "2085"]
[PlyCount "93"]
[EventDate "2002.11.??"]

1. c4 e5 2. g3 Nc6 3. Bg2 g6 4. Nc3 Bg7 5. d3 Nge7 6. Nf3 O-O 7. h4 d5 8. cxd5
Nxd5 9. Bg5 Nxc3 10. bxc3 Qd6 11. Nd2 f6 12. Ne4 Qd8 13. Qb3+ Kh8 14. Bd2 Qe7
15. h5 gxh5 16. Rxh5 Qf7 17. Qxf7 Rxf7 18. Rb1 Bf8 19. Be3 Nd8 20. Kd2 Bg4 21.
Rh4 Be6 22. c4 Bf5 23. Nc3 c6 24. Be4 Bxe4 25. Nxe4 Ne6 26. Rbh1 Be7 27. Rh6
Re8 28. Kc2 Nd4+ 29. Bxd4 exd4 30. g4 Rg8 31. f3 Rgg7 32. Ng3 Kg8 33. Nf5 Rg6
34. Rxg6+ hxg6 35. Nh6+ Kg7 36. Nxf7 Kxf7 37. Rh7+ Ke6 38. Rg7 g5 39. a4 a5 40.
c5 Bxc5 41. Rxb7 f5 42. gxf5+ Kxf5 43. Rc7 Bb4 44. Rxc6 g4 45. fxg4+ Kxg4 46.
Rc4 Bc3 47. Rxc3 1-0

[Event "12sen.WM-H Naumburg"]
[Site "Naumburg/Saale(20.10.-03.11.)"]
[Date "2002.10.29"]
[Round "7"]
[White "Fabritius, Herbert"]
[Black "Thonig, Manfred"]
[Result "1-0"]
[WhiteElo "1726"]
[BlackElo "1569"]
[PlyCount "95"]
[EventDate "2002.11.??"]

1. d4 f5 2. Nf3 b6 3. Bg5 Bb7 4. Nc3 d5 5. Ne5 Nf6 6. e3 Nbd7 7. Bb5 c6 8. Bxc6
Bxc6 9. Nxc6 Qc7 10. Nb4 a5 11. Nbxd5 Nxd5 12. Nxd5 Qb8 13. O-O g6 14. Qf3 Kf7
15. Nc7 Qxc7 16. Qxa8 Bg7 17. Qd5+ e6 18. Qb3 h6 19. Bf4 Qb7 20. Qb5 Rd8 21.
Rad1 Nf6 22. Be5 Rd5 23. Qe2 Ng4 24. Bxg7 Kxg7 25. h3 Nf6 26. c4 Rd7 27. f3 Nh5
28. Qf2 Qc7 29. b3 g5 30. d5 e5 31. g4 Nf6 32. e4 f4 33. Kg2 Rd6 34. h4 Nh7 35.
hxg5 Nxg5 36. Rh1 Qc8 37. Rc1 Nh7 38. c5 bxc5 39. Qxc5 Qa6 40. Rc4 Nf6 41. Rhc1
h5 42. gxh5 Nxh5 43. Kf2 Rg6 44. Qc7+ Kh6 45. Qxe5 Rg2+ 46. Ke1 Rg1+ 47. Kd2
Rxc1 48. Kxc1 1-0

[Event "12sen.WM-H Naumburg"]
[Site "Naumburg/Saale(20.10.-03.11.)"]
[Date "2002.10.29"]
[Round "7"]
[White "Fanenbruck, Guenter"]
[Black "Koerver, Erich"]
[Result "1/2-1/2"]
[WhiteElo "1557"]
[BlackElo "1723"]
[PlyCount "103"]
[EventDate "2002.11.??"]

1. e4 e5 2. Nf3 Nc6 3. d4 exd4 4. Nxd4 Qf6 5. Be3 Bc5 6. c3 Nge7 7. Bc4 Qg6 8.
O-O O-O 9. Nd2 Ne5 10. Be2 d6 11. Bh5 Qf6 12. Nb5 c6 13. Bxc5 cxb5 14. Be3 Qe6
15. f4 Nc4 16. Nxc4 bxc4 17. Bf3 d5 18. f5 Nxf5 19. Bc5 Ne7 20. exd5 Qd7 21.
Re1 Ng6 22. Bxf8 Kxf8 23. Qe2 b5 24. Rad1 Bb7 25. d6 Bxf3 26. Qxf3 Rd8 27. g3
f6 28. Qh5 Kg8 29. Qd5+ Kf8 30. Re6 Qf7 31. d7 Ne5 32. Re8+ Rxe8 33. dxe8=Q+
Qxe8 34. Qd8 Nd3 35. Qxe8+ Kxe8 36. b3 Kd7 37. bxc4 bxc4 38. Rb1 Kc6 39. Rb8
Nc5 40. Rg8 Ne6 41. Re8 Nc5 42. Re7 Ne4 43. Rxg7 a5 44. Rxh7 Nxc3 45. Rh5 Kb6
46. a3 Nb1 47. a4 Nc3 48. Kf1 Nxa4 49. Ke1 Nc5 50. Kd2 a4 51. Kc3 a3 52. Kc2
1/2-1/2

[Event "12sen.WM-H Naumburg"]
[Site "Naumburg/Saale(20.10.-03.11.)"]
[Date "2002.10.29"]
[Round "7"]
[White "Farin, Friedrich"]
[Black "Becker, Karl_Heinz[31Dorm]"]
[Result "0-1"]
[WhiteElo "1324"]
[BlackElo "1562"]
[PlyCount "120"]
[EventDate "2002.11.??"]

1. d4 e6 2. e4 d5 3. e5 c5 4. c3 cxd4 5. cxd4 Bb4+ 6. Nc3 Nc6 7. a3 Bxc3+ 8.
bxc3 Nge7 9. Bd3 Nf5 10. Nf3 Nh4 11. O-O Nxf3+ 12. Qxf3 Ne7 13. h3 Ng6 14. g3
O-O 15. Kh2 f5 16. h4 Rf7 17. h5 Nf8 18. h6 g6 19. Qg2 g5 20. Kg1 Ng6 21. f3
Bd7 22. a4 Rc8 23. Bb2 b6 24. Rfc1 Bc6 25. c4 dxc4 26. Bxc4 Bd5 27. Bxd5 Rxc1+
28. Rxc1 exd5 29. Qc2 Nf8 30. Ba3 Ne6 31. Qc8 Rd7 32. Qxd8+ Rxd8 33. Bb2 Kf7
34. Rc6 Rd7 35. Kf2 Rc7 36. Rxc7+ Nxc7 37. Ke3 Kg6 38. Ba3 Kxh6 39. Bf8+ Kg6
40. f4 gxf4+ 41. gxf4 a6 42. Bd6 Ne6 43. Bb4 Kh5 44. a5 bxa5 45. Bxa5 Kg4 46.
Bd2 Nxf4 47. Kf2 Ne6 48. Bc3 h5 49. Kg2 f4 50. Kh2 h4 51. Kg2 h3+ 52. Kh2 Kf3
53. Kxh3 Ke2 54. Kg4 f3 55. Kf5 Nd8 56. Ba5 Nc6 57. Ke6 f2 58. Kxd5 Nxa5 59.
Kd6 Nc4+ 60. Ke7 Nxe5 0-1

[Event "12sen.WM-H Naumburg"]
[Site "Naumburg/Saale(20.10.-03.11.)"]
[Date "2002.10.29"]
[Round "7"]
[White "Fassmann, Ewald"]
[Black "Smits, Oswald"]
[Result "1/2-1/2"]
[WhiteElo "1771"]
[BlackElo "1619"]
[PlyCount "120"]
[EventDate "2002.11.??"]

1. c4 e6 2. Nc3 c5 3. e3 Nf6 4. Nf3 d5 5. d4 Nc6 6. cxd5 Nxd5 7. Bb5 a6 8.
Bxc6+ bxc6 9. O-O cxd4 10. Nxd5 cxd5 11. Nxd4 Bd7 12. b3 Be7 13. Bb2 O-O 14.
Qd2 Rc8 15. Rac1 Qb6 16. Rxc8 Rxc8 17. Rc1 Rb8 18. h3 f6 19. Bc3 Bd8 20. Rb1
Bc7 21. Rd1 Qd6 22. Nf3 Rb7 23. e4 Bc6 24. e5 Qf8 25. Qd4 Bd8 26. Qe3 f5 27.
Nd4 Bd7 28. Nf3 f4 29. Qd2 h6 30. Nd4 Bc7 31. Qe2 Ra7 32. Qd2 Qf7 33. Nf3 Bb8
34. Bd4 Rb7 35. Rc1 Bc7 36. Bc3 g5 37. Ba5 Bb8 38. Bc3 Qe8 39. Bd4 Bc8 40. Qd3
Rd7 41. Nh2 h5 42. f3 Rc7 43. Qd2 Kg7 44. h4 Qg6 45. hxg5 Qxg5 46. Rxc7+ Bxc7
47. Qc1 Qe7 48. Qxf4 Bd8 49. Be3 Kg8 50. Nf1 Qh7 51. Qg3+ Qg7 52. Qxg7+ Kxg7
53. g3 Kg6 54. Bd4 Bd7 55. Kf2 Bb5 56. Ne3 Bd3 57. b4 a5 58. a3 Kf7 59. Ng2
axb4 60. axb4 Bg5 1/2-1/2

[Event "12sen.WM-H Naumburg"]
[Site "Naumburg/Saale(20.10.-03.11.)"]
[Date "2002.10.29"]
[Round "7"]
[White "Fischer, Ernst[37Weiden]"]
[Black "Ehlert, Joachim"]
[Result "1/2-1/2"]
[WhiteElo "1981"]
[BlackElo "1856"]
[PlyCount "20"]
[EventDate "2002.11.??"]

1. e4 c5 2. Nc3 e6 3. g3 Nc6 4. Bg2 Nf6 5. d3 Be7 6. f4 d5 7. e5 Nd7 8. Nf3 O-O
9. O-O Rb8 10. Ne2 b5 1/2-1/2

[Event "12sen.WM-H Naumburg"]
[Site "Naumburg/Saale(20.10.-03.11.)"]
[Date "2002.10.29"]
[Round "7"]
[White "Frauenfelder, Rudolf"]
[Black "Daniel, Wolfgang"]
[Result "0-1"]
[WhiteElo "2151"]
[BlackElo "1885"]
[PlyCount "62"]
[EventDate "2002.11.??"]

1. c4 Nf6 2. Nc3 d6 3. g3 g6 4. Bg2 Bg7 5. e4 e5 6. d3 Nbd7 7. Nge2 O-O 8. O-O
c6 9. h3 Nc5 10. Be3 Ne6 11. Qd2 Nh5 12. g4 Nhf4 13. Nxf4 Nxf4 14. Bxf4 exf4
15. Qxf4 f5 16. gxf5 gxf5 17. Qe3 f4 18. Qf3 Qh4 19. Kh2 Bd7 20. Rh1 Rae8 21.
Kg1 Re5 22. Kf1 Rg5 23. Qd1 Bd4 24. Qf3 Be8 25. Ne2 Bg7 26. e5 Bh5 27. exd6
Bxf3 28. Bxf3 Rg6 29. c5 Qf6 30. d4 Qf5 31. Re1 Qd3 0-1

[Event "12sen.WM-H Naumburg"]
[Site "Naumburg/Saale(20.10.-03.11.)"]
[Date "2002.10.29"]
[Round "7"]
[White "Gaspariants, Garry"]
[Black "Khanukov, Boris"]
[Result "1-0"]
[WhiteElo "2240"]
[BlackElo "2370"]
[PlyCount "53"]
[EventDate "2002.11.??"]

1. e4 d6 2. d4 Nf6 3. Nc3 Nbd7 4. Nf3 e5 5. Bc4 exd4 6. Qxd4 c5 7. Qd3 Nb6 8.
Bb5+ Bd7 9. Bg5 h6 10. Bh4 a6 11. Bxd7+ Nbxd7 12. O-O-O Qc7 13. Rhe1 O-O-O 14.
Nd5 Qa5 15. Qb3 g5 16. Nxf6 Nxf6 17. Qxf7 Rd7 18. Qxf6 Bg7 19. Qe6 Qb5 20. e5
gxh4 21. Rxd6 Rhd8 22. Red1 Kc7 23. c4 Qa4 24. b3 Qa3+ 25. Kb1 Rxd6 26. Rxd6
Bxe5 27. Qe7+ 1-0

[Event "12sen.WM-H Naumburg"]
[Site "Naumburg/Saale(20.10.-03.11.)"]
[Date "2002.10.29"]
[Round "7"]
[White "Gerhardt, Peter_Michael"]
[Black "Chehlov, Alexander"]
[Result "0-1"]
[WhiteElo "2124"]
[BlackElo "2274"]
[PlyCount "122"]
[EventDate "2002.11.??"]

1. Nf3 c5 2. c4 Nc6 3. g3 g6 4. Bg2 Bg7 5. O-O e6 6. e3 Nge7 7. d4 cxd4 8. Nxd4
Nxd4 9. exd4 d5 10. cxd5 Nxd5 11. Nc3 Nb6 12. Be3 O-O 13. Qd2 Nc4 14. Qe2 Nxe3
15. fxe3 Rb8 16. Rac1 Bd7 17. Rfd1 Qb6 18. Qf2 Rbc8 19. a3 Qb3 20. Re1 Bc6 21.
Ne4 Bxe4 22. Bxe4 Bh6 23. Qd2 Rxc1 24. Qxc1 Rd8 25. Kf2 Kg7 26. Qc3 Qxc3 27.
bxc3 b6 28. Rc1 f5 29. Bb1 Kf6 30. Ba2 g5 31. Rc2 Bf8 32. a4 Rc8 33. Ke2 g4 34.
Kd3 e5 35. Rf2 e4+ 36. Kd2 Bd6 37. Bd5 Re8 38. Kc2 h5 39. Kb3 Re7 40. Kc4 h4
41. gxh4 f4 42. exf4 e3 43. Re2 Bxf4 44. Kd3 Kg6 45. c4 Kh5 46. c5 bxc5 47.
dxc5 Kxh4 48. c6 Kg5 49. Rg2 Kf5 50. Bc4 Bc7 51. Kd4 Re4+ 52. Kd5 Re5+ 53. Kd4
Bb6+ 54. Kd3 Rc5 55. Bb5 Rd5+ 56. Kc2 Kf4 57. Be2 Rd2+ 58. Kc3 Ke5 59. Kc4 a6
60. Kc3 Kd6 61. Bf1 Ba5+ 0-1

[Event "12sen.WM-H Naumburg"]
[Site "Naumburg/Saale(20.10.-03.11.)"]
[Date "2002.10.29"]
[Round "7"]
[White "Girod, Gudrun"]
[Black "Assmann, Hans"]
[Result "1/2-1/2"]
[WhiteElo "1406"]
[BlackElo "1575"]
[PlyCount "26"]
[EventDate "2002.11.??"]

1. d4 Nf6 2. e3 e6 3. Nf3 Nc6 4. Be2 d5 5. O-O Bd6 6. Nbd2 Ne4 7. c4 b6 8. cxd5
exd5 9. Bb5 Bb7 10. Qa4 Qd7 11. Nxe4 dxe4 12. Ne5 Bxe5 13. dxe5 a6 1/2-1/2

[Event "12sen.WM-H Naumburg"]
[Site "Naumburg/Saale(20.10.-03.11.)"]
[Date "2002.10.29"]
[Round "7"]
[White "Glaser, Heinz_Alfred"]
[Black "Schumacher, Ursula"]
[Result "1-0"]
[WhiteElo "1680"]
[BlackElo "1528"]
[PlyCount "115"]
[EventDate "2002.11.??"]

1. e4 c6 2. d4 d5 3. Nc3 dxe4 4. Nxe4 Bf5 5. Ng3 Bg6 6. Nf3 h6 7. Bd3 Bxd3 8.
Qxd3 Nd7 9. O-O Ngf6 10. Re1 e6 11. Bf4 Be7 12. c4 O-O 13. Rad1 Rc8 14. Qb3 Qb6
15. Qc2 Rfe8 16. Ne5 Nxe5 17. dxe5 Nh7 18. Ne4 Rcd8 19. c5 Qc7 20. Nd6 Rf8 21.
Bg3 b6 22. b4 bxc5 23. bxc5 Rb8 24. f4 Qa5 25. Re4 Rb4 26. Rxb4 Qxb4 27. Rb1
Qa5 28. Rb7 Bd8 29. Rd7 Qa3 30. Nxf7 Rxf7 31. Rxd8+ Nf8 32. Rd3 Qb4 33. a3 Qe4
34. Qd2 Rb7 35. Rd4 Qb1+ 36. Qe1 Qxe1+ 37. Bxe1 Rd7 38. Rd6 Rc7 39. g4 Kf7 40.
f5 exf5 41. gxf5 Ke8 42. Bh4 Nd7 43. Kf2 Nxc5 44. Rd8+ Kf7 45. Ke3 g5 46. Bg3
Rb7 47. Kd4 Ke7 48. Rh8 Rb5 49. Rxh6 Nb3+ 50. Kc4 Nd2+ 51. Kd3 Rd5+ 52. Kc2 c5
53. Rh7+ Ke8 54. f6 Ne4 55. f7+ Kf8 56. e6 Rf5 57. Rh8+ Ke7 58. Re8+ 1-0

[Event "12sen.WM-H Naumburg"]
[Site "Naumburg/Saale(20.10.-03.11.)"]
[Date "2002.10.29"]
[Round "7"]
[White "Glende, Siegfried"]
[Black "Braune, Herbert"]
[Result "1-0"]
[WhiteElo "1708"]
[BlackElo "1556"]
[PlyCount "143"]
[EventDate "2002.11.??"]

1. c4 Nf6 2. Nc3 g6 3. g3 Bg7 4. Bg2 c6 5. e4 d6 6. Nge2 O-O 7. O-O e5 8. d3
Nbd7 9. f4 exf4 10. gxf4 Nc5 11. f5 Qb6 12. Kh1 Ng4 13. d4 Nd7 14. h3 Nh6 15.
f6 Nxf6 16. Bxh6 Bxh6 17. Rxf6 Be6 18. b3 Qd8 19. Rf3 Qe7 20. d5 cxd5 21. Nxd5
Bxd5 22. Qxd5 Rae8 23. Rd3 Bg7 24. Rad1 Be5 25. Rf1 Kg7 26. Rdf3 h6 27. Nf4 Rc8
28. Nd3 Rcd8 29. Qa5 b6 30. Qd2 Qe6 31. Nf2 f5 32. exf5 Rxf5 33. Ng4 Rxf3 34.
Qxh6+ Kg8 35. Bxf3 Bg7 36. Bd5 Qxd5+ 37. cxd5 Bxh6 38. Nxh6+ Kg7 39. Ng4 Rc8
40. Rf2 Rc3 41. Kg2 Rd3 42. Nf6 Re3 43. h4 Re5 44. Kg3 a6 45. Nd7 Rxd5 46. Nxb6
Rb5 47. Nc4 d5 48. Nd6 Rc5 49. Ne8+ Kg8 50. Nf6+ Kg7 51. Nd7 Rc3+ 52. Kg2 a5
53. Nb6 d4 54. Na4 Rc1 55. Rd2 d3 56. Rxd3 Rc2+ 57. Kg3 Rxa2 58. Rf3 Rd2 59.
Kg4 Rd6 60. Rf4 Rd5 61. Rc4 Rb5 62. Rc7+ Kf6 63. Rc6+ Kf7 64. Nc5 Ke7 65. Kg5
Kf7 66. Rc7+ Ke8 67. Kxg6 Rb6+ 68. Kf5 Rb5 69. h5 Kd8 70. Rc6 Ke7 71. Kg6 Kf8
72. h6 1-0

[Event "12sen.WM-H Naumburg"]
[Site "Naumburg/Saale(20.10.-03.11.)"]
[Date "2002.10.29"]
[Round "7"]
[White "Goy, Udo"]
[Black "Kachar, Vladimir"]
[Result "1/2-1/2"]
[WhiteElo "2197"]
[BlackElo "2373"]
[PlyCount "75"]
[EventDate "2002.11.??"]

1. c4 Nf6 2. g3 c6 3. Bg2 d5 4. cxd5 Nxd5 5. d4 g6 6. e4 Nb6 7. Nf3 Bg7 8. h3
c5 9. d5 e6 10. Nc3 exd5 11. exd5 O-O 12. O-O Na6 13. Bg5 Bf6 14. Qd2 Nb4 15.
Rad1 Bf5 16. Qf4 Bxg5 17. Nxg5 h6 18. Nge4 Bxe4 19. Nxe4 N4xd5 20. Qxh6 Qc7 21.
Ng5 Nf6 22. Rd3 Rfd8 23. Rf3 Qe7 24. Kh2 Rd6 25. Rf4 Qf8 26. Qh4 Nbd7 27. Re1
Re8 28. Rxe8 Qxe8 29. Ne4 Nxe4 30. Rxe4 Re6 31. Rxe6 Qxe6 32. Qd8+ Nf8 33. Qd5
b6 34. Qxe6 Nxe6 35. Kg1 Kg7 36. Kf1 Nd4 37. Ke1 Kf6 38. Kd2 1/2-1/2

[Event "12sen.WM-H Naumburg"]
[Site "Naumburg/Saale(20.10.-03.11.)"]
[Date "2002.10.29"]
[Round "7"]
[White "Gruzmann, Boris"]
[Black "Chernikov, Oleg_L"]
[Result "1-0"]
[WhiteElo "2265"]
[BlackElo "2464"]
[PlyCount "149"]
[EventDate "2002.11.??"]

1. e4 c5 2. Nf3 d6 3. d4 cxd4 4. Nxd4 Nf6 5. Nc3 Nc6 6. Bg5 g6 7. Bxf6 exf6 8.
Qd2 Bg7 9. O-O-O O-O 10. Nb3 f5 11. exf5 Bxf5 12. Qxd6 Qb6 13. Qc5 Nb4 14. Qxb6
axb6 15. Nd4 Rfc8 16. Nxf5 gxf5 17. a3 Bxc3 18. bxc3 Na2+ 19. Kb2 Nxc3 20. Rd3
Ne4 21. Rf3 Rc5 22. Bd3 Nd6 23. Re1 Ra4 24. Bf1 Kf8 25. Rb3 b5 26. Rb4 Ra8 27.
Rd4 Ra6 28. Red1 Ke7 29. f3 Rac6 30. R1d2 h6 31. Rd5 b6 32. R5d4 Re5 33. Rd5 f6
34. f4 Rxd5 35. Rxd5 Ke6 36. Rd4 Rc5 37. Bd3 Rc8 38. Rb4 Rc5 39. a4 bxa4 40.
Rxb6 Kd5 41. Ra6 Nc4+ 42. Bxc4+ Rxc4 43. g3 Rb4+ 44. Ka3 Rc4 45. Rxf6 Ke4 46.
Rxh6 Rxc2 47. Kxa4 Rb2 48. h4 Kd5 49. Ka5 Rg2 50. Rg6 Rb2 51. Ka6 Rb3 52. h5
Rb1 53. h6 Rb2 54. Ka7 Rb1 55. h7 Rh1 56. Rg7 Ke6 57. Kb8 Kf6 58. Rb7 Kg6 59.
Kc8 Rh2 60. Kd8 Ra2 61. h8=N+ Kh5 62. Ke7 Kg4 63. Rb3 Ra7+ 64. Kf6 Ra6+ 65. Kg7
Kh5 66. Rd3 Rb6 67. Nf7 Ra6 68. Rd6 Ra7 69. Rh6+ Kg4 70. Rg6+ Kf3 71. Kf6 Ke3
72. Rg7 Ra5 73. Rg5 Kf3 74. Ne5+ Ke4 75. Rxf5 1-0

[Event "12sen.WM-H Naumburg"]
[Site "Naumburg/Saale(20.10.-03.11.)"]
[Date "2002.10.29"]
[Round "7"]
[White "Gudat, Alfons"]
[Black "Franz, Siegfried"]
[Result "1-0"]
[WhiteElo "2054"]
[BlackElo "1794"]
[PlyCount "45"]
[EventDate "2002.11.??"]

1. e4 c5 2. Nf3 d6 3. Bb5+ Bd7 4. a4 a6 5. Bc4 Nc6 6. O-O Nf6 7. Re1 e6 8. c3
Be7 9. d4 cxd4 10. cxd4 Na5 11. Bd3 Rc8 12. Nc3 O-O 13. Bg5 h6 14. Bh4 g5 15.
Bg3 Nh5 16. Rc1 Nxg3 17. hxg3 Qb6 18. e5 Kg7 19. Bb1 Rc4 20. Qd3 Rh8 21. d5 Rc5
22. exd6 Bf6 23. dxe6 1-0

[Event "12sen.WM-H Naumburg"]
[Site "Naumburg/Saale(20.10.-03.11.)"]
[Date "2002.10.29"]
[Round "7"]
[White "Gurgenidze, Bukhuti"]
[Black "Klundt, Klaus"]
[Result "1/2-1/2"]
[WhiteElo "2198"]
[BlackElo "2385"]
[PlyCount "70"]
[EventDate "2002.11.??"]

1. e4 c5 2. Nf3 Nc6 3. Bb5 g6 4. O-O Bg7 5. Re1 Nf6 6. c3 O-O 7. d4 cxd4 8.
cxd4 a6 9. Bf1 d5 10. e5 Ne4 11. Nc3 Bg4 12. Nxe4 dxe4 13. Rxe4 Nxe5 14. Bg5
Nxf3+ 15. gxf3 Be6 16. Qd2 Re8 17. Rae1 Bxa2 18. Bxe7 Qd7 19. Bc5 Bd5 20. Re7
Rxe7 21. Rxe7 Qc6 22. Qf4 Re8 23. Rc7 Qe6 24. Qe3 h5 25. Qxe6 Rxe6 26. Kg2 Re8
27. Rd7 Bc6 28. Rc7 Rd8 29. Bxa6 bxa6 30. Rxc6 Bxd4 31. Bxd4 Rxd4 32. Rxa6 Rb4
33. Ra2 Kg7 34. Kf1 Kf6 35. Ke2 Rb3 1/2-1/2

[Event "12sen.WM-H Naumburg"]
[Site "Naumburg/Saale(20.10.-03.11.)"]
[Date "2002.10.29"]
[Round "7"]
[White "Hansen, Hans"]
[Black "Kuhnert, Werner"]
[Result "1-0"]
[WhiteElo "1871"]
[BlackElo "1217"]
[PlyCount "49"]
[EventDate "2002.11.??"]

1. e4 e6 2. d4 d5 3. e5 c5 4. c3 Nd7 5. Nf3 Be7 6. Bd3 c4 7. Bc2 Nf8 8. Nbd2 h6
9. O-O Bg5 10. b3 b5 11. Nxg5 hxg5 12. a4 Bd7 13. axb5 Bxb5 14. bxc4 dxc4 15.
Ne4 Nh7 16. Nd6+ Kf8 17. Nxb5 a6 18. Ba3+ Ne7 19. Nd6 Kg8 20. Qh5 g6 21. Qf3
Nf5 22. Qb7 Ne7 23. Qf3 Nf5 24. Bxf5 gxf5 25. Qb7 1-0